Statistics for Pharmacy - Antifungals by Class

Click here to take the quiz!

General Stats

  • This quiz has been taken 7 times
  • The average score is 6 of 20

Answer Stats

ClassAntifungal% Correct
TriazolesFluconazole
83%
TriazolesKetoconazole
83%
ImidazolesKetoconazole
83%
TriazolesItraconazole
67%
PolyeneAmphotericin B
50%
Mitotic inhibitorGriseofulvin
33%
EchinocandinsMicafungin
33%
TriazolesPosaconazole
33%
TriazolesVoriconazole
33%
EchinocandinsCaspofungin
17%
ImidazolesEconazole
17%
ImidazolesOxiconazole
17%
EchinocandinsAndulafungin
0%
Pyrimidine analogueFlucytosine
0%
TerpenoidIbrexafungerp
0%
TriazolesIsavuconazole
0%
EchinocandinsRezafungin
0%
ImidazolesSertaconazole
0%
AllylamineTerbinafine
0%
TriazolesTerconazole
0%

Score Distribution

Percentile by Number Answered

Percent of People with Each Score

Your Score History

You have not taken this quiz